[Event "Laval op"]
[Site "Laval CAN"]
[Date "2014.06.22"]
[Round "4"]
[White "Gunapalan, David"]
[Black "Desjardins, Michel"]
[Result "0-1"]
[WhiteElo "1895"]
[BlackElo "1957"]
[PlyCount "130"]
[EventDate "2014.06.20"]
[EventType "swiss"]
[EventRounds "5"]
[EventCountry "CAN"]

1. e4 d5 2. Nc3 dxe4 3. Nxe4 Qd5 4. Nc3 Qd6 5. d4 Nf6 6. Nf3 a6 7. Be2 Bf5 8.
Be3 Nc6 9. Qd2 O-O-O 10. O-O e5 11. dxe5 Nxe5 12. Qxd6 Nxf3+ 13. Bxf3 Bxd6 14.
Rac1 Bg4 15. Bg5 Bxf3 16. Bxf6 gxf6 17. gxf3 Be5 18. Ne4 b6 19. c3 Rd3 20. f4
Bxf4 21. Rcd1 Rg8+ 22. Kh1 Rgd8 23. Rxd3 Rxd3 24. Kg2 f5 25. Ng3 Rd2 26. Rb1
Be3 27. Kf3 Bxf2 28. Nxf5 Bc5 29. h4 Kd7 30. a4 Ke6 31. Ng7+ Kd5 32. Ne8 Kc6
33. b4 Be7 34. c4 Kd7 35. Ng7 Rd4 36. Rc1 Bxb4 37. h5 Rh4 38. Kg3 Rd4 39. Rf1
Bd6+ 40. Kh3 Rd3+ 41. Kh4 f6 42. h6 Rd4+ 43. Kh3 Rf4 44. Rg1 Rxc4 45. Nh5 Bf8
46. Nxf6+ Ke7 47. Rf1 Bxh6 48. Ng4 Kd6 49. Nxh6 Rxa4 50. Rf7 c5 51. Rxh7 c4 52.
Kg3 c3 53. Nf5+ Ke5 54. Ne3 b5 55. Kf3 b4 56. Ke2 Ra2+ 57. Kd1 b3 58. Rc7 Ra1+
59. Ke2 b2 60. Rc5+ Kd4 61. Rc4+ Ke5 62. Rc5+ Kd6 63. Rd5+ Kc6 64. Rd1 Rxd1 65.
Nxd1 b1=Q 0-1

[Event "Laval op"]
[Site "Laval CAN"]
[Date "2014.06.22"]
[Round "4"]
[White "Jacquet, Stephane"]
[Black "Simard, Francois"]
[Result "1-0"]
[WhiteElo "2017"]
[BlackElo "1888"]
[PlyCount "53"]
[EventDate "2014.06.20"]
[EventType "swiss"]
[EventRounds "5"]
[EventCountry "CAN"]

1. d4 Nf6 2. c4 e6 3. Nf3 d5 4. cxd5 exd5 5. Nc3 c6 6. Qc2 Bg4 7. Bg5 Be7 8. e3
Bh5 9. Bd3 Nbd7 10. O-O Bg6 11. Nh4 Bxd3 12. Qxd3 h6 13. Bxf6 Bxf6 14. Nf5 O-O
15. f3 Bg5 16. Rad1 g6 17. Ng3 f5 18. e4 fxe4 19. fxe4 dxe4 20. Ncxe4 Qe7 21.
d5 Ne5 22. d6 Nxd3 23. dxe7 Be3+ 24. Kh1 Rxf1+ 25. Nxf1 Re8 26. Rxd3 Bc1 27.
Nf6+ 1-0

[Event "Laval op"]
[Site "Laval CAN"]
[Date "2014.06.22"]
[Round "4"]
[White "Joanis, Marc-Andre"]
[Black "Turcotte, Jonathan"]
[Result "0-1"]
[WhiteElo "1783"]
[BlackElo "1995"]
[PlyCount "118"]
[EventDate "2014.06.20"]
[EventType "swiss"]
[EventRounds "5"]
[EventCountry "CAN"]

1. Nf3 d5 2. c4 c6 3. cxd5 cxd5 4. d4 Nc6 5. Nc3 Nf6 6. Bf4 Bf5 7. e3 e6 8. Bd3
Bxd3 9. Qxd3 Bb4 10. O-O O-O 11. Rfc1 Rc8 12. Ne5 Bxc3 13. Nxc6 Rxc6 14. Rxc3
Rxc3 15. Qxc3 Ne4 16. Qc2 g5 17. Bg3 h5 18. f3 Nxg3 19. hxg3 Qb8 20. f4 Rc8 21.
Qe2 g4 22. e4 Qd6 23. f5 dxe4 24. Qxe4 Qd5 25. Qxd5 exd5 26. Re1 Rc2 27. f6
Rxb2 28. Re5 Kh7 29. Rg5 Kh6 30. Rg7 Rb1+ 31. Kf2 Rb6 32. Rxf7 Kg5 33. Rd7 Kxf6
34. Rxd5 Rb2+ 35. Ke3 Rxg2 36. Rxh5 Rxg3+ 37. Kf4 Rd3 38. Rf5+ Ke6 39. Re5+ Kd6
40. Ke4 Ra3 41. Rd5+ Ke6 42. Re5+ Kf6 43. Rf5+ Kg6 44. Rf2 g3 45. Rg2 Kf6 46.
Kd5 Kf5 47. Rb2 b6 48. Kc6 Ke4 49. d5 Rc3+ 50. Kb7 Kxd5 51. Kxa7 Kc5 52. Rg2 b5
53. Kb7 Rf3 54. Kc7 Rf7+ 55. Kd8 Rg7 56. Ke8 Kd4 57. Kf8 Rg5 58. Kf7 Ke4 59.
Kf6 Rg8 0-1

[Event "Laval op"]
[Site "Laval CAN"]
[Date "2014.06.22"]
[Round "4"]
[White "Nicula, Marius"]
[Black "Zhu, Hong Rui"]
[Result "1/2-1/2"]
[WhiteElo "2190"]
[BlackElo "2045"]
[PlyCount "62"]
[EventDate "2014.06.20"]
[EventType "swiss"]
[EventRounds "5"]
[EventCountry "CAN"]

1. d4 d5 2. c4 e6 3. Nf3 c6 4. Qc2 Bd6 5. g3 Nf6 6. Nbd2 Nbd7 7. Bg2 O-O 8. O-O
Re8 9. e4 Nxe4 10. Nxe4 dxe4 11. Qxe4 e5 12. Bg5 f6 13. Bd2 exd4 14. Qxd4 Ne5
15. Bf4 Qc7 16. Bxe5 Bxe5 17. Nxe5 Qxe5 18. Qd2 Qc5 19. Rfe1 Be6 20. b3 Rad8
21. Qf4 Qa5 22. Re2 Bf7 23. Rxe8+ Rxe8 24. h4 Bh5 25. g4 Bf7 26. Bf3 h5 27.
gxh5 Bxh5 28. b4 Qe5 29. Qxe5 Rxe5 30. Kg2 Kf7 31. Rd1 Ke7 1/2-1/2

[Event "Laval op"]
[Site "Laval CAN"]
[Date "2014.06.22"]
[Round "4"]
[White "Sprumont, Oscar"]
[Black "Gauthier, Denis"]
[Result "1-0"]
[WhiteElo "1937"]
[BlackElo "1911"]
[PlyCount "27"]
[EventDate "2014.06.20"]
[EventType "swiss"]
[EventRounds "5"]
[EventCountry "CAN"]

1. Nf3 Nf6 2. g3 d5 3. Bg2 Bg4 4. c4 c6 5. Ne5 Bf5 6. cxd5 cxd5 7. Nc3 e6 8. g4
Bg6 9. h4 h5 10. Nxg6 fxg6 11. g5 Nfd7 12. d4 Bd6 13. Qd3 Kf7 14. Nxd5 1-0

[Event "Laval op"]
[Site "Laval CAN"]
[Date "2014.06.22"]
[Round "5"]
[White "Desjardins, Michel"]
[Black "Nicula, Marius"]
[Result "1/2-1/2"]
[WhiteElo "1957"]
[BlackElo "2190"]
[PlyCount "61"]
[EventDate "2014.06.20"]
[EventType "swiss"]
[EventRounds "5"]
[EventCountry "CAN"]

1. e4 e6 2. d4 d5 3. e5 c5 4. c3 Nc6 5. Nf3 Qb6 6. a3 Nh6 7. b4 cxd4 8. cxd4
Nf5 9. Be3 Be7 10. Bd3 O-O 11. O-O f6 12. Bxf5 exf5 13. Nc3 Be6 14. Rc1 Qd8 15.
Qd2 Qd7 16. Bf4 fxe5 17. Nxe5 Nxe5 18. Bxe5 a5 19. Ne2 Bd8 20. Rc2 axb4 21.
axb4 Rc8 22. Rxc8 Qxc8 23. Rc1 Qd7 24. Nf4 Bf7 25. Nd3 h6 26. f4 b6 27. Qe3 Kh7
28. Rc3 Qa4 29. Rc1 Be8 30. Bd6 Rf6 31. Be5 1/2-1/2

[Event "Laval op"]
[Site "Laval CAN"]
[Date "2014.06.22"]
[Round "5"]
[White "Gauthier, Denis"]
[Black "Joanis, Marc-Andre"]
[Result "1-0"]
[WhiteElo "1911"]
[BlackElo "1783"]
[PlyCount "156"]
[EventDate "2014.06.20"]
[EventType "swiss"]
[EventRounds "5"]
[EventCountry "CAN"]

1. d4 e6 2. c4 f5 3. Nf3 Nf6 4. Bf4 c6 5. Nc3 d5 6. Qb3 Bd6 7. e3 O-O 8. Bd3
Bxf4 9. exf4 dxc4 10. Bxc4 Nd5 11. g3 Nd7 12. O-O N7f6 13. Rfe1 Qb6 14. Qc2 Bd7
15. Rad1 Rae8 16. a3 Bc8 17. Ne5 Nd7 18. Nf3 N7f6 19. Re2 Qd8 20. Rde1 Kh8 21.
Ng5 Nc7 22. Nf3 Ncd5 23. Bd3 a6 24. Nb1 Nc7 25. a4 Ncd5 26. Qb3 Qb6 27. Nbd2
Qb4 28. Qc2 Qb6 29. Nc4 Qd8 30. Qb3 a5 31. Nce5 Nd7 32. Bc4 Nxe5 33. Nxe5 Nb4
34. Qc3 Kg8 35. Nf3 Nd5 36. Bxd5 Qxd5 37. Re5 Qd6 38. Rxa5 b6 39. Rae5 Bb7 40.
Qb3 c5 41. dxc5 Qc6 42. Rxe6 Rxe6 43. Rxe6 Qxf3 44. Rxb6+ Qxb3 45. Rxb3 Bc6 46.
a5 Rd8 47. f3 Rd5 48. Rb6 Rxc5 49. b4 Rc2 50. b5 Bxf3 51. a6 Rc7 52. Kf2 Be4
53. Rb8+ Kf7 54. b6 Rc2+ 55. Ke3 Ra2 56. a7 Ra4 57. Rc8 Rb4 58. Rb8 Ra4 59. Kd2
h6 60. Kc3 g5 61. Kb3 Ra1 62. Kc4 gxf4 63. gxf4 Rc1+ 64. Kd4 Rd1+ 65. Kc5 Rc1+
66. Kd6 Rd1+ 67. Kc5 Rc1+ 68. Kd4 Rd1+ 69. Ke3 Rd3+ 70. Ke2 Ra3 71. b7 Bxb7 72.
Rxb7+ Kf6 73. Kd2 Ke6 74. Kc2 Kd6 75. Kb2 Ra5 76. Kc3 Kc6 77. Rh7 Rc5+ 78. Kb4
Rb5+ 1-0

[Event "Laval op"]
[Site "Laval CAN"]
[Date "2014.06.22"]
[Round "5"]
[White "Simard, Francois"]
[Black "Gunapalan, David"]
[Result "1/2-1/2"]
[WhiteElo "1888"]
[BlackElo "1895"]
[PlyCount "105"]
[EventDate "2014.06.20"]
[EventType "swiss"]
[EventRounds "5"]
[EventCountry "CAN"]

1. d4 d5 2. c4 e6 3. Nc3 c5 4. Nf3 Nc6 5. Bg5 Be7 6. Bxe7 Ngxe7 7. e3 cxd4 8.
Nxd4 O-O 9. cxd5 Nxd5 10. Nxc6 bxc6 11. Rc1 Qa5 12. Bc4 Rd8 13. Qe2 Nb6 14. Bd3
c5 15. O-O c4 16. Bb1 Bb7 17. Rfd1 Qg5 18. Be4 Bxe4 19. Nxe4 Qe5 20. Nc3 Rac8
21. Rxd8+ Rxd8 22. Rd1 Rxd1+ 23. Qxd1 g6 24. Qc2 a6 25. g3 Kg7 26. Kf1 Nd7 27.
Qa4 Qc7 28. Qxa6 Ne5 29. Nb5 Qc5 30. Nd6 Qd5 31. Ne8+ Kf8 32. Nc7 Qh1+ 33. Ke2
Qf3+ 34. Kf1 Nd3 35. Qa8+ Qxa8 36. Nxa8 Nxb2 37. Ke2 c3 38. Nc7 Ke7 39. Nb5 c2
40. Kd2 Nd3 41. Kxc2 Nxf2 42. a4 Kd7 43. a5 Kc6 44. a6 Kb6 45. a7 Kb7 46. h4 f6
47. Nc7 Kxa7 48. Nxe6 h5 49. Nf4 Ne4 50. Nxg6 Nxg3 51. Nf4 Kb7 52. Kd2 Kc6 53.
Ke1 1/2-1/2

[Event "Laval op"]
[Site "Laval CAN"]
[Date "2014.06.22"]
[Round "5"]
[White "Turcotte, Jonathan"]
[Black "Luo, Zhao Yang"]
[Result "0-1"]
[WhiteElo "1995"]
[BlackElo "1955"]
[PlyCount "34"]
[EventDate "2014.06.20"]
[EventType "swiss"]
[EventRounds "5"]
[EventCountry "CAN"]

1. d4 d5 2. Nf3 c5 3. c4 e6 4. cxd5 exd5 5. Nc3 Nc6 6. g3 Nf6 7. Bg2 Be7 8. O-O
O-O 9. Bg5 c4 10. Ne5 Bf5 11. f4 Qb6 12. e3 Qxb2 13. Nxd5 Nxd5 14. Bxd5 Nxe5
15. Bxe7 Ng4 16. Bg2 Be4 17. Rf3 Bxf3 0-1

[Event "Laval op"]
[Site "Laval CAN"]
[Date "2014.06.22"]
[Round "5"]
[White "Zhu, Hong Rui"]
[Black "Libersan, Thierry"]
[Result "1-0"]
[WhiteElo "2045"]
[BlackElo "2103"]
[PlyCount "45"]
[EventDate "2014.06.20"]
[EventType "swiss"]
[EventRounds "5"]
[EventCountry "CAN"]

1. e4 c5 2. Ne2 e6 3. g3 d5 4. Bg2 dxe4 5. Nbc3 f5 6. d3 exd3 7. Nf4 Nf6 8. O-O
dxc2 9. Qxc2 Nc6 10. Bxc6+ bxc6 11. Re1 Kf7 12. Na4 h5 13. Be3 h4 14. Bxc5 hxg3
15. fxg3 Ne4 16. Rxe4 fxe4 17. Rf1 Bxc5+ 18. Nxc5 Qd4+ 19. Kh1 Kg8 20. Ng6 Rh5
21. Ne7+ Kh7 22. Nxe4 Rf5 23. Rf4 1-0

[Event "Loisirs"]
[Site "Gatineau CAN"]
[Date "2014.10.21"]
[Round "1"]
[White "Arsenault, Michel"]
[Black "Akrib, Fouad"]
[Result "0-1"]
[WhiteElo "1886"]
[BlackElo "1667"]
[PlyCount "50"]
[EventDate "2014.10.21"]
[EventType "swiss"]
[EventRounds "4"]
[EventCountry "CAN"]

1. c4 Nf6 2. g3 g6 3. Bg2 Bg7 4. Nc3 d6 5. e4 O-O 6. Nge2 e5 7. O-O Nh5 8. f4
c6 9. f5 gxf5 10. exf5 Nf6 11. h3 d5 12. cxd5 cxd5 13. d4 exd4 14. Qxd4 Nc6 15.
Qh4 d4 16. Rd1 d3 17. Be3 Re8 18. Bf2 Bxf5 19. Nd4 Nxd4 20. Bxd4 Re4 21. Qxe4
Nxe4 22. Bxg7 Kxg7 23. Nxe4 Bxe4 24. Rd2 Qd4+ 25. Kh2 Bxg2 0-1

[Event "Loisirs"]
[Site "Gatineau CAN"]
[Date "2014.10.21"]
[Round "1"]
[White "Leon, Carlos"]
[Black "Rose, Richard"]
[Result "1-0"]
[WhiteElo "1765"]
[BlackElo "1968"]
[PlyCount "49"]
[EventDate "2014.10.21"]
[EventType "swiss"]
[EventRounds "4"]
[EventCountry "CAN"]

1. c4 e6 2. g3 d5 3. Bg2 Nf6 4. Nf3 Nc6 5. O-O Be7 6. b3 O-O 7. Bb2 Re8 8. d3
b6 9. Nc3 Bb7 10. cxd5 exd5 11. d4 Bd6 12. Nb5 Ba6 13. Nc3 Bb4 14. Re1 Ne4 15.
Rc1 Qd6 16. e3 Re6 17. Qc2 Rae8 18. Nxe4 dxe4 19. Nd2 Bd3 20. Qd1 Ne7 21. a3
Bxd2 22. Qxd2 c5 23. dxc5 bxc5 24. Qc3 Re5 25. Qxe5 1-0

[Event "Loisirs"]
[Site "Gatineau CAN"]
[Date "2014.10.28"]
[Round "2"]
[White "Arsenault, Yves"]
[Black "Carabineanu, Marcel"]
[Result "1-0"]
[WhiteElo "1504"]
[BlackElo "1206"]
[PlyCount "55"]
[EventDate "2014.10.21"]
[EventType "swiss"]
[EventRounds "4"]
[EventCountry "CAN"]

1. e4 Nc6 2. d4 e6 3. Nc3 g6 4. Nf3 Nf6 5. Bg5 Be7 6. Bb5 a6 7. Bd3 h6 8. Bf4
g5 9. Be3 d6 10. a3 Bd7 11. Qe2 Bf8 12. O-O-O Qe7 13. Nd2 Bg7 14. f4 gxf4 15.
Bxf4 O-O-O 16. Nb3 Nh7 17. Be3 Ng5 18. h4 Nh7 19. g4 Qe8 20. Rhf1 Na7 21. Na5
Nb5 22. Nxb5 Bxb5 23. c4 Ba4 24. Bc2 Nf6 25. Qd3 Nxg4 26. Bxa4 Qxa4 27. Bd2 Nf2
28. Rxf2 1-0

[Event "Loisirs"]
[Site "Gatineau CAN"]
[Date "2014.10.28"]
[Round "2"]
[White "Desjardins, Michel"]
[Black "Leon, Carlos"]
[Result "1/2-1/2"]
[WhiteElo "1864"]
[BlackElo "1765"]
[PlyCount "69"]
[EventDate "2014.10.21"]
[EventType "swiss"]
[EventRounds "4"]
[EventCountry "CAN"]

1. e4 e6 2. d4 d5 3. e5 c5 4. c3 Nc6 5. Nf3 Qb6 6. a3 c4 7. Nbd2 Na5 8. Be2 Bd7
9. Rb1 Rc8 10. h4 h5 11. Ng5 g6 12. g3 Nb3 13. Nxb3 Ba4 14. Be3 Qxb3 15. Qxb3
Bxb3 16. Kd2 Nh6 17. Bf4 Nf5 18. Rh2 Be7 19. Rbh1 Rc7 20. Nh3 Rc8 21. Bg5 Bxg5+
22. hxg5 Kf8 23. Nf4 Kg7 24. g4 hxg4 25. Rxh8 Rxh8 26. Rxh8 Kxh8 27. Bxg4 Ne7
28. Ng2 Kg7 29. Ne3 Ba4 30. Bd1 Bxd1 31. Kxd1 Nc6 32. Kc2 Na5 33. Nf1 Kf8 34.
Nd2 Ke7 35. Nf1 1/2-1/2

[Event "Loisirs"]
[Site "Gatineau CAN"]
[Date "2014.10.28"]
[Round "2"]
[White "Rose, Richard"]
[Black "Raymond, Daniel"]
[Result "1/2-1/2"]
[WhiteElo "1968"]
[BlackElo "1660"]
[PlyCount "72"]
[EventDate "2014.10.21"]
[EventType "swiss"]
[EventRounds "4"]
[EventCountry "CAN"]

1. e4 c5 2. Nf3 d6 3. d4 cxd4 4. Nxd4 Nf6 5. Bd3 Nc6 6. Nxc6 bxc6 7. c4 e6 8.
Nc3 Be7 9. O-O Bb7 10. Qf3 O-O 11. Rd1 e5 12. Qg3 Qd7 13. Be2 Kh8 14. c5 Qe6
15. cxd6 Bxd6 16. b3 Bb4 17. Bc4 Qg4 18. Qxg4 Nxg4 19. Bb2 Bc5 20. Rd2 Rad8 21.
Rad1 Bd4 22. h3 Ne3 23. Re1 Nxc4 24. bxc4 Ba6 25. Red1 Bxc4 26. Na4 Bxa2 27.
Bxd4 Rxd4 28. Rxd4 exd4 29. Rxd4 Be6 30. Nc5 Rc8 31. f4 g6 32. Ra4 Rc7 33. Kf2
Kg7 34. Ke3 h5 35. Kd4 Kf6 36. Ke3 Ke7 1/2-1/2

[Event "Loisirs"]
[Site "Gatineau CAN"]
[Date "2014.11.04"]
[Round "3"]
[White "Bourbonnais, Luc"]
[Black "Arsenault, Yves"]
[Result "1-0"]
[WhiteElo "1250"]
[BlackElo "1504"]
[PlyCount "145"]
[EventDate "2014.10.21"]
[EventType "swiss"]
[EventRounds "4"]
[EventCountry "CAN"]

1. e4 c5 2. Nf3 Nc6 3. d4 cxd4 4. Nxd4 Nf6 5. Nc3 e6 6. Bg5 Be7 7. Bb5 O-O 8.
O-O a6 9. Ba4 Qb6 10. Nxc6 bxc6 11. Bb3 Rd8 12. e5 Nd5 13. Nxd5 exd5 14. Bxe7
Re8 15. Bd6 Bb7 16. Qg4 Re6 17. Rad1 Rd8 18. Qd4 Qa5 19. f4 Rc8 20. Qb4 Qb5 21.
a4 Qxb4 22. Bxb4 c5 23. Ba5 c4 24. Ba2 Rg6 25. Rd4 d6 26. exd6 Rxd6 27. Bb4 Re6
28. c3 Re2 29. Ba3 Rce8 30. Rfd1 Rc2 31. Bxc4 dxc4 32. Rd8 Rxg2+ 33. Kf1 Rge2
34. Rxe8+ Rxe8 35. Kf2 h6 36. Rd4 Re4 37. Rxe4 Bxe4 38. Ke3 Bc6 39. Kd4 Bxa4
40. Kxc4 Bb5+ 41. Kb4 f5 42. c4 Bd7 43. Ka5 Bc8 44. c5 g5 45. fxg5 hxg5 46. Kb6
Kf7 47. Kc7 Be6 48. Kd8 Bd5 49. Kd7 f4 50. c6 Be6+ 51. Kd8 Kf6 52. Bd6 Kf5 53.
c7 Ke4 54. c8=Q Bxc8 55. Kxc8 Ke3 56. Kb7 a5 57. Kb6 f3 58. Kxa5 f2 59. Bc5+
Ke2 60. Bxf2 Kxf2 61. b4 Kg2 62. b5 Kxh2 63. b6 g4 64. b7 g3 65. b8=Q Kg2 66.
Qb2+ Kf1 67. Qc1+ Kf2 68. Qd2+ Kf1 69. Qf4+ Kg2 70. Kb4 Kh3 71. Qf1+ g2 72. Qg1
Kg3 73. Kc3 1-0

[Event "Loisirs"]
[Site "Gatineau CAN"]
[Date "2014.11.04"]
[Round "3"]
[White "Leon, Carlos"]
[Black "Laurin, Marcel"]
[Result "1/2-1/2"]
[WhiteElo "1765"]
[BlackElo "1601"]
[PlyCount "95"]
[EventDate "2014.10.21"]
[EventType "swiss"]
[EventRounds "4"]
[EventCountry "CAN"]

1. c4 c5 2. g3 Nc6 3. Bg2 g6 4. Nc3 Bg7 5. a3 Nf6 6. Rb1 d6 7. b4 O-O 8. d3 Nd7
9. Bd2 e6 10. Nh3 f5 11. O-O Nf6 12. Qc1 Rf7 13. bxc5 dxc5 14. Ng5 Re7 15. h4
h6 16. Nh3 Kh7 17. Nf4 Ne5 18. Na4 g5 19. hxg5 hxg5 20. Nh3 g4 21. Ng5+ Kg6 22.
Nxc5 Qh8 23. Bxb7 Bxb7 24. Rxb7 Rxb7 25. Nxb7 Qh5 26. Kg2 Rh8 27. Rh1 Qxh1+ 28.
Qxh1 Rxh1 29. Kxh1 Bh6 30. f4 gxf3 31. Nxf3 Nxf3 32. Bxh6 Nd4 33. Be3 Nxe2 34.
Bxa7 Nxg3+ 35. Kg2 f4 36. Nd6 Kg5 37. Kf3 Nf5 38. Nf7+ Kg6 39. Ne5+ Kg5 40. Bf2
Nd6 41. c5 Kf5 42. d4 Nc8 43. Nd3 Nd5 44. a4 Nce7 45. a5 Nc6 46. a6 Nc7 47.
Nxf4 Nxa6 48. Nd3 1/2-1/2

[Event "Loisirs"]
[Site "Gatineau CAN"]
[Date "2014.11.11"]
[Round "4"]
[White "Desjardins, Michel"]
[Black "Akrib, Fouad"]
[Result "1-0"]
[WhiteElo "1864"]
[BlackElo "1667"]
[PlyCount "121"]
[EventDate "2014.10.21"]
[EventType "swiss"]
[EventRounds "4"]
[EventCountry "CAN"]

1. e4 Nc6 2. d4 d5 3. e5 Bf5 4. c3 a6 5. Nf3 Qd7 6. Bf4 f6 7. h3 g5 8. Bh2
O-O-O 9. Bd3 h5 10. Qc2 Nh6 11. Nbd2 Bg7 12. exf6 exf6 13. O-O-O Rhe8 14. Rde1
Bf8 15. Nb3 g4 16. hxg4 Bxd3 17. Qxd3 hxg4 18. Nh4 f5 19. Ng6 Rxe1+ 20. Rxe1
Bd6 21. Bxd6 Qxd6 22. Nh4 Qf6 23. g3 f4 24. Nc5 Rd6 25. Re8+ Nd8 26. Qe2 fxg3
27. fxg3 Qg5+ 28. Kc2 Nhf7 29. Ne6 Qf6 30. Nc5 Qg5 31. Qf2 Qh5 32. Qf5+ Qxf5+
33. Nxf5 b6 34. Nxa6 Rf6 35. Ne3 Kb7 36. Nb4 c6 37. Nxg4 Rf3 38. Ne5 Nxe5 39.
dxe5 Kc7 40. e6 Re3 41. e7 Nf7 42. g4 Nd6 43. Ra8 Rxe7 44. Ra7+ Nb7 45. Nd3 Kb8
46. Ra4 Nd6 47. Rf4 Nc4 48. g5 Re2+ 49. Kc1 Rg2 50. Rf8+ Kc7 51. Rg8 Rg3 52.
Kc2 Rg2+ 53. Kc1 c5 54. g6 Kb7 55. g7 Ne3 56. Nf4 Rf2 57. Rb8+ Kxb8 58. g8=Q+
Ka7 59. Nxd5 Rc2+ 60. Kb1 Rg2 61. Qf7+ 1-0

[Event "Loisirs"]
[Site "Gatineau CAN"]
[Date "2014.11.11"]
[Round "4"]
[White "Laurin, Marcel"]
[Black "Arsenault, Michel"]
[Result "0-1"]
[WhiteElo "1601"]
[BlackElo "1886"]
[PlyCount "58"]
[EventDate "2014.10.21"]
[EventType "swiss"]
[EventRounds "4"]
[EventCountry "CAN"]

1. d4 Nf6 2. c4 e6 3. Nc3 Bb4 4. Qc2 O-O 5. Bd2 c5 6. a3 Bxc3 7. Bxc3 cxd4 8.
Bxd4 Nc6 9. Bc5 d6 10. O-O-O Ne8 11. Nf3 Qc7 12. Bd4 Bd7 13. e3 Rc8 14. Bd3 g6
15. h4 e5 16. h5 exd4 17. hxg6 f5 18. Rxh7 Nf6 19. Rh6 Ne5 20. Rdh1 Nxd3+ 21.
Qxd3 Qxc4+ 22. Qxc4+ Rxc4+ 23. Kb1 dxe3 24. Ng5 f4 25. Nh7 Nxh7 26. gxh7+ Kh8
27. fxe3 fxe3 28. Rxd6 e2 29. Ka2 Rf1 0-1

[Event "Loisirs"]
[Site "Gatineau CAN"]
[Date "2014.11.11"]
[Round "4"]
[White "Piche, Guy"]
[Black "Scantland, Patrick"]
[Result "1-0"]
[WhiteElo "1640"]
[BlackElo "1782"]
[PlyCount "59"]
[EventDate "2014.10.21"]
[EventType "swiss"]
[EventRounds "4"]
[EventCountry "CAN"]

1. f4 d5 2. e3 c5 3. Nf3 Nc6 4. Bb5 Bd7 5. b3 Nf6 6. Bb2 e6 7. O-O Bd6 8. Bxc6
Bxc6 9. Ne5 Qc7 10. Qe2 O-O-O 11. d3 h5 12. c4 Rdg8 13. Nc3 Bxe5 14. fxe5 Ng4
15. d4 g5 16. Nb5 Bxb5 17. cxb5 Kb8 18. a4 b6 19. h3 f5 20. hxg4 hxg4 21. Kf2
Rh4 22. Rac1 Qh7 23. Ke1 Rh2 24. dxc5 f4 25. exf4 Qh4+ 26. Kd1 Qg3 27. Rc3 Qh4
28. fxg5 Qxg5 29. Bc1 Qe7 30. Bf4 1-0

[Event "Loisirs"]
[Site "Gatineau CAN"]
[Date "2014.11.11"]
[Round "4"]
[White "Simard, Paul"]
[Black "Pilon, Robert"]
[Result "0-1"]
[WhiteElo "1149"]
[BlackElo "1480"]
[PlyCount "90"]
[EventDate "2014.10.21"]
[EventType "swiss"]
[EventRounds "4"]
[EventCountry "CAN"]

1. f4 d5 2. Nf3 c5 3. e3 Nc6 4. Bb5 Bd7 5. Bxc6 Bxc6 6. O-O Nf6 7. Ne5 e6 8. b3
Bd6 9. Bb2 O-O 10. d3 Qc7 11. Nd2 Nd7 12. Ndf3 f6 13. Ng4 e5 14. f5 e4 15. dxe4
dxe4 16. Nd2 Ne5 17. Bxe5 Bxe5 18. Rc1 Rad8 19. Nxe5 Qxe5 20. Rf2 b5 21. Qg4
Qc3 22. Nxe4 Bxe4 23. Qxe4 Rd2 24. Rcf1 Rxf2 25. Rxf2 Rd8 26. h4 h6 27. Qe6+
Kf8 28. e4 Re8 29. Qd6+ Kg8 30. Qc6 Qe1+ 31. Rf1 Qe3+ 32. Rf2 Rd8 33. g4 Qg3+
34. Kf1 Rd1+ 35. Ke2 Qxg4+ 36. Rf3 Qg1 37. Qd5+ Rxd5 38. exd5 Qd4 39. Rd3 Qe4+
40. Kd2 Qxf5 41. d6 Qd7 42. a4 a6 43. Rd5 g5 44. hxg5 hxg5 45. Ke3 Qe6+ 0-1

[Event "Manitoba-ch"]
[Site "Winnipeg CAN"]
[Date "2015.05.03"]
[Round "1"]
[White "Baron, Gustav"]
[Black "Iyer, Chandrashekhar"]
[Result "1/2-1/2"]
[WhiteElo "1876"]
[BlackElo "2096"]
[PlyCount "111"]
[EventDate "2014.03.05"]
[EventType "k.o."]
[EventRounds "4"]
[EventCountry "CAN"]

1. c4 e6 2. d4 Nf6 3. g3 Be7 4. Bg2 d5 5. Nf3 O-O 6. O-O dxc4 7. Nbd2 c5 8.
Nxc4 Nc6 9. dxc5 Bxc5 10. b3 Qe7 11. Bb2 Rd8 12. Qc1 Bd7 13. Qg5 Ne8 14. Qxe7
Bxe7 15. Rfd1 f6 16. Rac1 e5 17. a3 Be6 18. Nfd2 Rac8 19. Ne3 Nd4 20. Bxd4 Rxc1
21. Rxc1 exd4 22. Nef1 Rc8 23. Rxc8 Bxc8 24. b4 Nc7 25. Nb1 b6 26. Nfd2 Bf5 27.
h3 Nb5 28. Bd5+ Kf8 29. g4 Bxb1 30. Nxb1 Nc3 31. Nxc3 dxc3 32. Bb3 a5 33. bxa5
bxa5 34. a4 Bc5 35. e3 Ke7 36. Kf1 Kd6 37. Ke2 Ke5 38. f4+ Kd6 39. Kd3 Bb4 40.
Kc4 Bc5 41. Kd3 Bb4 42. Bg8 h6 43. Bb3 g5 44. Ke4 Ke7 45. Kf5 gxf4 46. Kxf4 Bc5
47. e4 Bd4 48. Kf5 Be3 49. e5 fxe5 50. Kxe5 Bd2 51. Kf5 Kd6 52. h4 Kc5 53. g5
hxg5 54. hxg5 Kb4 55. Bc2 Bxg5 56. Kxg5 1/2-1/2

[Event "Manitoba-ch"]
[Site "Winnipeg CAN"]
[Date "2014.05.06"]
[Round "1"]
[White "Dawa, Arvin"]
[Black "Swift, Ryne"]
[Result "1-0"]
[WhiteElo "2139"]
[BlackElo "1929"]
[PlyCount "59"]
[EventDate "2014.03.05"]
[EventType "k.o."]
[EventRounds "4"]
[EventCountry "CAN"]

1. d4 d5 2. Nf3 Nf6 3. Bg5 e6 4. Nbd2 Be7 5. e3 b6 6. Bd3 O-O 7. O-O Bb7 8. Ne5
c5 9. c3 Nbd7 10. f4 Nxe5 11. fxe5 Nd7 12. Bxe7 Qxe7 13. Qh5 g6 14. Qh6 f6 15.
exf6 Rxf6 16. Rxf6 Nxf6 17. Nf3 Rf8 18. Qg5 Qg7 19. Ne5 Nd7 20. Ng4 Nf6 21. Ne5
Nd7 22. Ng4 Nf6 23. Nf2 Nd7 24. Ng4 Nf6 25. Ne5 Nd7 26. Nf3 Qf6 27. Qg3 Re8 28.
Rf1 Qe7 29. Bb5 Rf8 30. Qc7 1-0

[Event "Manitoba-ch"]
[Site "Winnipeg CAN"]
[Date "2014.05.05"]
[Round "1"]
[White "Iyer, Chandrashekhar"]
[Black "Baron, Gustav"]
[Result "1-0"]
[WhiteElo "2096"]
[BlackElo "1876"]
[PlyCount "83"]
[EventDate "2014.03.05"]
[EventType "k.o."]
[EventRounds "4"]
[EventCountry "CAN"]

1. e4 c6 2. d4 d5 3. exd5 cxd5 4. c4 Nc6 5. Nc3 Nf6 6. Nf3 e6 7. Bd3 a6 8. O-O
Be7 9. Bf4 O-O 10. h3 Nb4 11. c5 Nxd3 12. Qxd3 b5 13. b4 Bd7 14. Rfe1 h6 15.
Ne5 Qc8 16. Bd2 Bc6 17. a3 Qb7 18. Qg3 Kh7 19. Qd3+ Kg8 20. Re3 Kh8 21. Rg3 Be8
22. Re1 Nh5 23. Rf3 f5 24. g4 Nf6 25. gxf5 exf5 26. Rxf5 Rg8 27. Qe3 Bd8 28.
Qf3 Bc7 29. Kh1 Bxe5 30. dxe5 Bc6 31. exf6 d4 32. fxg7+ Rxg7 33. Ne4 Re8 34.
Rf8+ Rxf8 35. Qxf8+ Kh7 36. Qf5+ Kh8 37. f3 Bd7 38. Qf8+ Kh7 39. Nf6+ Kg6 40.
Rg1+ Kf5 41. Ne4+ Ke6 42. Rxg7 1-0

[Event "Manitoba-ch"]
[Site "Winnipeg CAN"]
[Date "2014.05.13"]
[Round "1"]
[White "Swift, Ryne"]
[Black "Dawa, Arvin"]
[Result "1/2-1/2"]
[WhiteElo "1929"]
[BlackElo "2139"]
[PlyCount "54"]
[EventDate "2014.03.05"]
[EventType "k.o."]
[EventRounds "4"]
[EventCountry "CAN"]

1. e4 e5 2. Nf3 Nc6 3. d4 exd4 4. Nxd4 Nxd4 5. Qxd4 Qf6 6. Qxf6 Nxf6 7. Bd3 d6
8. Nc3 a6 9. Nd5 Nxd5 10. exd5 Be7 11. O-O O-O 12. c4 Bf6 13. Rb1 Bd7 14. b3
Rfe8 15. Bb2 Bxb2 16. Rxb2 Re7 17. Re2 Rxe2 18. Bxe2 Re8 19. Re1 Bf5 20. Kf1 g5
21. Bd1 Bd3+ 22. Be2 Be4 23. Bf3 Bd3+ 24. Be2 Bf5 25. Bd1 Bd3+ 26. Be2 Bg6 27.
Bd1 Bd3+ 1/2-1/2

[Event "Manitoba-ch"]
[Site "Winnipeg CAN"]
[Date "2015.06.06"]
[Round "2"]
[White "Babb, Jeff"]
[Black "Iyer, Chandrashekhar"]
[Result "0-1"]
[WhiteElo "2160"]
[BlackElo "2096"]
[PlyCount "72"]
[EventDate "2014.03.05"]
[EventType "k.o."]
[EventRounds "4"]
[EventCountry "CAN"]

1. f4 d5 2. e3 Nf6 3. Nf3 Bg4 4. h3 Bxf3 5. Qxf3 e6 6. b3 Ne4 7. g3 Be7 8. Rg1
Bf6 9. c3 O-O 10. Bd3 Nd6 11. Na3 c5 12. Bb2 a6 13. g4 g6 14. g5 Bg7 15. h4 b5
16. Nc2 Nd7 17. h5 Re8 18. O-O-O c4 19. Be2 a5 20. b4 axb4 21. Nxb4 Qb6 22.
Rdf1 Ne4 23. Bd1 Ra7 24. Bc2 Ndc5 25. Rh1 Rea8 26. Rh2 Rxa2 27. Rfh1 Rxb2 28.
Kxb2 Qa5 29. Kc1 Qa1+ 30. Bb1 Nb3+ 31. Kc2 Bxc3 32. Qxe4 Qb2+ 33. Kd1 dxe4 34.
dxc3 Qxb1+ 35. Ke2 Qb2+ 36. Kf1 Ra1# 0-1